| 000 | 00723nam a22001937a 4500 | ||
|---|---|---|---|
| 005 | 20251108175156.0 | ||
| 008 | 250721s2011 xx 000 0 ara d | ||
| 082 | 1 | 4 | _aم/211.6/حسا |
| 100 | 1 | _aأبو حسان، جمال محمود | |
| 245 | 1 | 0 |
_aالدلالة المعنوية لفواصل الآيات القرآنية : _bدراسة في بيان القرآن الكريم و اعجازه / |
| 264 | 1 |
_aدبي : _bجائزة دبي الدولية للقرآن الكريم، _c2011. |
|
| 300 | _a669ص. | ||
| 490 | 0 | _aالدراسات القرآنية | |
| 650 | 1 | 7 | _aاعجاز القرآن |
| 650 | 1 | 7 | _aالقرآن الكريم |
| 650 | 1 | 7 | _aنحو القرآن |
| 942 |
_2ddc _cREF |
||
| 999 |
_c127943 _d127943 |
||